000
00291nam a2200109Ia 4500
008
160531s9999 xx 000 0 und d
100
_a
Ekinci, Deniz.
245
_a
Biochemistry
245
_c
Edited by Deniz Ekinci
260
_c
2012
856
_u
http://www.intechopen.com/books/biochemistry
999
_c
295436
_d
295436